Bandiere di Nazioni con più Giallo - Statistics

Statistiche generali
  • Questo quiz è stato fatto 4.324 volte
  • Il punteggio medio è 7 su 8
Statistiche sulle risposte
con Immagini Hint Risposta % Corretto
51.7% Città del Vaticano
99%
44.8% Spagna
99%
50.0% Ucraina
99%
50.0% Colombia
94%
47.2% Ecuador
88%
43.8% Bhutan
83%
54.6% Brunei
72%
44.1% Saint Vincent e Grenadine
48%
Nessun quiz corrispondente trovato
Distribuzione punteggi
Percentuale di utenti per punteggio
Percentile per numero di risposta
I tuoi punteggi nel tempo
Non hai fatto questo quiz